000 00430nam a22001697a 4500
005 20160823162927.0
008 160521b xxu||||| |||| 00| 0 eng d
020 _a0-07-463996-X
041 _aeng
082 _b3642
100 _aS. Sativaharan A. Vallathraj C Gneamiga
_9906
245 _aDigital Signal Processing
260 _bTata Mc Graw Hills
_c2003
300 _a801
650 _aDIPLOMA ENGINEERING
_9817
942 _cBK
999 _c1242
_d1242